000 01314nam a2200253Ia 4500
003 OSt
005 20200905141759.0
008 191128s2013 ck ao gr 000 0 spa d
020 _a9789585618305
040 _aCO-JMCR
_cCO-JMCR
041 0 _aspa
082 0 4 _a362.6109861 /
_bG569c
_223
100 1 _aGómez Ruíz, Samaida,
_eautora
_99856
245 1 0 _aColombia mayor :
_buna vejez más digna para un país en paz /
_cSamaida Gómez Ruíz y Lina Marcela Tamayo Bustamante ; fotógrafos principales, Nelson Cárdenas Ferreira y Luis Eduardo Martínez Sandoval
260 _a[Bogotá] :
_bConsorcio Colombia Mayor,
_c2013
300 _a165 páginas :
_bfotografías a color ;
_c26 cm.
505 0 _aUna Colombia en paz de la mano con nuestros abuelos -- Colombia mayor, un programa de amplio calado social que contribuye a la construcción de paz -- Programa Colombia mayor -- Otras miradas - perspectivas sobre la protección del adulto mayor en Iberoamérica
650 1 4 _aTrabajo social con ancianos
_zColombia
_99857
650 1 4 _aProgramas asistencia a la vejez
_xprogramas
_zColombia
_99858
700 1 _aTamayo Bustamante, Lina Marcela,
_eautora
_99859
700 1 _aCárdenas Ferreira, Nelson,
_efotógrafo
_99860
700 1 _aMartínez Sandoval, Luis Eduardo,
_efotógrafo
_99861
942 _2ddc
_cBK
999 _c3897
_d3897